=LDR 00000nam 2200000 4500 =001 INLIS000000000056759 =005 20200928010926 =035 ##$$a 0010-0920000390 =007 ta =008 200928################g##########0#ind## =020 ##$$a 979-421-012-9 =082 ##$$a 346. 034 8 =084 ##$$a 346. 034 8 PER p =100 #$$a Perangin, effendi =245 1#$$a Praktek pengurusan sertifikat hak atas tanah /$c Effendi perangin =250 ##$$a Ed. 1, Cet. 3 =260 ##$$a Jakarta :$b Rajawali,$c 1992 =300 ##$$a X, 83 hlm : $b Ilus ; $c 12 x 21 cm. =600 #4$$a Hukum tanah - sertifikat =990 ##$$a 34643464